• 首页
  • 本馆介绍
  • 公告通知
  • 最新文献
  • 馆藏检索
  • 电子资源
  • 读者导购
  • 参考咨询
  • 我的图书馆
  • 登录
  • 详细信息显示
  • 放入我的书架
  • 预约/预借图书
  • 作者相关作品
  • 分类相关作品
  • 丛书相关作品
  • 出版社相关作品

书目信息

  • 表格格式
  • 工作单格式
  • 卡片格式
题名:
绿色建筑性能后评估
    
 
作者: 杨建荣 , 张颖 , 张改景 著
分册:  
出版信息: 北京   中国建筑工业出版社  2021.5
页数: 177页
开本: 26cm
丛书名:
单 册:
中图分类: TU201.5
科图分类:
主题词: 生态建筑--建筑设计--评估
电子资源:
ISBN: 978-7-112-26100-0
000 00971nam0 2200253 45
001 012001000762
005 20140911174255.0
010    @a978-7-112-26100-0@dCNY98.00
100    @a20210629d2021 em y0chiy50 ea
101 0  @achi
102    @aCN@b110000
105    @aa z 000yy
106    @ar
200 1  @a绿色建筑性能后评估@Alv se jian zhu xing neng hou ping gu@b专著@f杨建荣,张颖,张改景等著
210    @a北京@c中国建筑工业出版社@d2021.5
215    @a177页@c彩图@d26cm
330    @a本书结合国家重点研发计划课题的研究成果,在大量调研绿色建筑运行数据基础上,建立了同初始设计相关联的绿色建筑能源消耗、水资源消耗、环境性能等基准标尺,并结合环境品质的主观评价,提出适合我国国情的绿色建筑后评估模型和评价方法。
606 0  @a生态建筑@x建筑设计@x评估
690    @aTU201.5@v5
701  0 @a杨建荣@Ayang jian rong@4著
701  0 @a张颖@Azhang ying@4著
701  0 @a张改景@Azhang gai jing@4著
801  0 @aCN@bBJSDL@c20211011
905    @b1332117-20@dTU201.5@e1868@f4
    
    绿色建筑性能后评估/杨建荣,张颖,张改景等著.-北京:中国建筑工业出版社,2021.5
    177页:彩图;26cm
    
    
    ISBN 978-7-112-26100-0:CNY98.00
    本书结合国家重点研发计划课题的研究成果,在大量调研绿色建筑运行数据基础上,建立了同初始设计相关联的绿色建筑能源消耗、水资源消耗、环境性能等基准标尺,并结合环境品质的主观评价,提出适合我国国情的绿色建筑后评估模型和评价方法。
●
相关链接 在E读中查询图书 在五车中查询图书 在当当中查询图书 在豆瓣中查询图书


正题名:绿色建筑性能后评估     索取号:TU201.5/1868         预约/预借

序号 登录号 条形码 馆藏地/架位号 状态 备注
1 1332117   213321172   第二样本阅览室/ [索取号:TU201.5/1868] 在馆    
2 1332118   213321181   第三借阅区/ [索取号:TU201.5/1868] 在馆    
3 1332119   213321190   第三借阅区/ [索取号:TU201.5/1868] 在馆    
4 1332120   213321207   第三借阅区/ [索取号:TU201.5/1868] 在馆    
唐山师范学院图书馆 欢迎您!
大连网信软件有限公司© 版权所有